<?xml version="1.0" encoding="UTF-8"?>
<record
    xmlns:xsi="http://www.w3.org/2001/XMLSchema-instance"
    xsi:schemaLocation="http://www.loc.gov/MARC21/slim http://www.loc.gov/standards/marcxml/schema/MARC21slim.xsd"
    xmlns="http://www.loc.gov/MARC21/slim">

  <leader>01303nam a2200253 a 4500</leader>
  <controlfield tag="001"> </controlfield>
  <controlfield tag="003">DO-SdBNP</controlfield>
  <controlfield tag="005">20211026112751.0</controlfield>
  <controlfield tag="007">000044163</controlfield>
  <controlfield tag="008">140603s1983   dr a          000 0 spa d</controlfield>
  <datafield tag="040" ind1=" " ind2=" ">
    <subfield code="a">BPMSU</subfield>
    <subfield code="b">spa</subfield>
    <subfield code="c">BPMSU</subfield>
  </datafield>
  <datafield tag="082" ind1=" " ind2=" ">
    <subfield code="a">923.27293</subfield>
    <subfield code="b">C111H 1983</subfield>
    <subfield code="2">22</subfield>
  </datafield>
  <datafield tag="100" ind1="1" ind2=" ">
    <subfield code="a">Hermann, Hamlet </subfield>
    <subfield code="d">1934-2016</subfield>
  </datafield>
  <datafield tag="245" ind1="1" ind2="0">
    <subfield code="a">Francis Caama&#xF1;o /</subfield>
    <subfield code="c">Hamlet Hermann </subfield>
    <subfield code="b"> </subfield>
  </datafield>
  <datafield tag="260" ind1=" " ind2=" ">
    <subfield code="a">Santo Domingo :</subfield>
    <subfield code="b">Alfa y Omega, </subfield>
    <subfield code="c">1983</subfield>
  </datafield>
  <datafield tag="300" ind1=" " ind2=" ">
    <subfield code="a">465, [7] p. :</subfield>
    <subfield code="b">il., retrs.  ;</subfield>
    <subfield code="c">23 cm.</subfield>
  </datafield>
  <datafield tag="500" ind1=" " ind2=" ">
    <subfield code="a">Incluye &#xED;ndice </subfield>
  </datafield>
  <datafield tag="505" ind1=" " ind2=" ">
    <subfield code="a">Origen de la familia Caama&#xF1;o -- El oficial Caama&#xF1;o Medina -- Francis inicia la carrera militar -- Par&#xE9;ntesis hist&#xF3;rico -- Consejo de Estado  -- Palma Sola -- Gobierno constitucional y cuartelazo -- Militares constitucionalistas -- Guerra civil -- Guerra patri&#xF3;tica -- Negociaci&#xF3;n y agresi&#xF3;n -- La Academia Militar 24 de Abril -- Contin&#xFA;an las negociaciones  -- Caama&#xF1;o renuncia a la presidencia de la Rep&#xFA;blica -- Ep&#xED;logo al conflicto armado -- Hotel Matum -- Londres 1966 y 1967 -- En Cuba (de 1967 a 1970) -- En Cuba (desde 1970) -- Repatriaci&#xF3;n.</subfield>
  </datafield>
  <datafield tag="590" ind1=" " ind2=" ">
    <subfield code="6">Inventariado, 2021/VM</subfield>
  </datafield>
  <datafield tag="600" ind1="1" ind2="4">
    <subfield code="a">Caama&#xF1;o De&#xF1;&#xF3;, Francisco Alberto</subfield>
    <subfield code="d">1932-1973</subfield>
  </datafield>
  <datafield tag="651" ind1=" " ind2="4">
    <subfield code="a">Rep&#xFA;blica Dominicana</subfield>
    <subfield code="x">Historia</subfield>
    <subfield code="v">Revoluci&#xF3;n, 1965</subfield>
  </datafield>
  <datafield tag="910" ind1=" " ind2=" ">
    <subfield code="a">VMateo V:</subfield>
  </datafield>
  <datafield tag="942" ind1=" " ind2=" ">
    <subfield code="2">ddc</subfield>
    <subfield code="c">BK</subfield>
  </datafield>
  <datafield tag="952" ind1=" " ind2=" ">
    <subfield code="0">0</subfield>
    <subfield code="1">0</subfield>
    <subfield code="2">ddc</subfield>
    <subfield code="4">0</subfield>
    <subfield code="7">0</subfield>
    <subfield code="8">CD</subfield>
    <subfield code="a">BPMET</subfield>
    <subfield code="b">BPMET</subfield>
    <subfield code="d">2021-05-04</subfield>
    <subfield code="o">BPMSU CD 923.27293 C111H 1983</subfield>
    <subfield code="p">BPMSU21050001</subfield>
    <subfield code="r">2021-05-04</subfield>
    <subfield code="w">2021-05-04</subfield>
    <subfield code="y">BK</subfield>
  </datafield>
  <datafield tag="952" ind1=" " ind2=" ">
    <subfield code="0">0</subfield>
    <subfield code="1">0</subfield>
    <subfield code="2">ddc</subfield>
    <subfield code="4">0</subfield>
    <subfield code="7">0</subfield>
    <subfield code="a">BPMET</subfield>
    <subfield code="b">BPMET</subfield>
    <subfield code="d">2021-10-26</subfield>
    <subfield code="o">BPMSU CD 923.27293 C111H 1983</subfield>
    <subfield code="p">BPMSU21100150</subfield>
    <subfield code="r">2021-10-26</subfield>
    <subfield code="t">e.2</subfield>
    <subfield code="w">2021-10-26</subfield>
    <subfield code="y">BK</subfield>
  </datafield>
  <datafield tag="999" ind1=" " ind2=" ">
    <subfield code="c">13448</subfield>
    <subfield code="d">13448</subfield>
  </datafield>
</record>
